History Quiz

Random History or Numbers Quiz

US Constitution Amendments Quiz Stats

 Plays Quiz not verified by Sporcle

Support Sporcle.
Go Orange.
Score 0/27 Timer 08:00
0 Plays Today
Brief summary Amendment number % Correct
Right to bear armsSecond
93.9%
Three basic freedomsFirst
90%
ProhibitionEighteenth
87.3%
Repeal of prohibitionTwenty-first
86.9%
Rights retained to the statesTenth
84.7%
Abolition of slaveryThirteenth
84.7%
Prohibits forceful quartering of troops in private residences during peacetimeThird
84.3%
Protection against unlawful search and seizureFourth
84.3%
Affords voting rights to womenNineteenth
83.4%
Right not to self-incriminate in a criminal trialFifth
83%
Right to a speedy trial, right to legal counselSixth
83%
Forbids excessive bail or fines, and cruel and unusual punishmentEighth
82.1%
States that voting rights will not be denied on the basis of raceFifteenth
82.1%
Assures trial by jury in civil casesSeventh
78.6%
Brief summary Amendment number % Correct
Presidential term limitsTwenty-second
78.2%
Rights retained to the peopleNinth
77.7%
Affords voting rights to citizens aged 18Twenty-sixth
77.3%
Establishes federal income taxSixteenth
72.5%
Provides that pay raises for members of US Congress do not go into effect until after the next electionTwenty-seventh
72.1%
Due process, equal protectionFourteenth
70.7%
Clarifies judicial power over foreign nationals, limits rights of citizens to sue statesEleventh
70.3%
Establishes direct election of US Senators by the peopleSeventeenth
69%
Changes details of presidential succession, provides for vice presidential replacementTwenty-fifth
68.6%
Grants Electoral College representation to the District of ColumbiaTwenty-third
68.1%
Prohibits poll taxesTwenty-fourth
68.1%
Electoral College casts separate votes for President and Vice PresidentTwelfth
67.2%
Clarifies line of Presidential succession, declares new President takes office on January 20 and not March 4Twentieth
63.8%

You're not logged in!

Compare scores with friends on all Sporcle quizzes.
OR
Log In

From the Vault

Countries Under a Million

by citkeane

These countries all have a smaller population than Rhode Island.
Remove Ads.
Support Sporcle.
Get the best of Sporcle when you Go Orange. This ad-free experience offers more features, more stats, and more fun while also helping to support Sporcle. Thank you for becoming a member.

Show Comments

Extras

Top Quizzes Today


Score Distribution

Your Account Isn't Verified!

In order to create a playlist on Sporcle, you need to verify the email address you used during registration. Go to your Sporcle Settings to finish the process.

Report this User

Report this user for behavior that violates our Community Guidelines.

Details: